000 01248nam2a22002651 4500
001 rc\3980625
005 20250610223443.0
035 _a(NLR Aleph) 007935374
090 _a8244999
_c8244999
100 _a20130415g19551956|||y0rusy50 ca
101 0 _arus
102 _aRU
105 _ay z |||||
200 1 _aАкселерометр А-2
210 _d1955 [вып. дан. 1956]
_aБ. м.
225 1 _a...
_v№ ПС-55-489
423 0 _11010#$arus
_12001#$aПриборы для регистрации перегрузок$f[Инж. А.А. Ушаков]
_1700#1$aУшаков$bА.А.
_tПриборы для регистрации перегрузок
_aУшаков, А.А.
423 0 _11010#$arus
_12001#$aВиброграф В11$f[Канд. техн. наук С.И. Цейтлин]
_1700#1$aЦейтлин$bС.И.
_tВиброграф В11
_aЦейтлин, С.И.
461 0 _1001rc\3980609
_12001#$aПриборы и стенды$e[Тема № 1]-$vТема № 1 [15]
_98244905
_cМосква
_d1955
_nБ. и.
_o[Тема № 1]-
_tПриборы и стенды
_vТема № 1 [15]
700 1 _aСмолюк
_bЛ.А.
801 0 _aRU
_bNLR
_gpsbo
801 1 _aRU
_bELAR
_2rusmarc
852 _aNLR
_jТ10 Г-8/106
942 _cBOOK
980 _aNB